000
00334nam a2200133Ia 4500
008
240624s9999 xx 000 0 und d
041
_a
eng
082
_a
303.483 BIJ
100
_a
BIJKER WIEBE E
245
_a
SOCIAL CONSTRUCTION OF TECHNOLOGICAL SYS
260
_c
2012
_a
technology
_b
MIT Press
300
_a
432 : p.
365
_c
_b
28
999
_c
22232
_d
22232